test de vitesse SEMAINE - Statistiques

Statistiques générales
  • Ce quiz a été pris 1 056 fois
  • Le résultat moyen est 6 sur 7
Statistiques - réponses
Réponse % Correct
LUNDI
100%
MARDI
97%
MERCREDI
92%
JEUDI
91%
VENDREDI
87%
SAMEDI
84%
DIMANCHE
78%
Aucun quiz correspondant
Distribution des résultats
% des personnes avec chaque résultat
Percentile par nombre de réponses
Votre historique - résultats
Vous n’avez pas pris ce quiz